[Event "CAN-ch"]
[Site "Toronto CAN"]
[Date "1996.08.23"]
[Round "10"]
[White "Taylor, Gordon"]
[Black "Day, Lawrence"]
[Result "0-1"]
[WhiteElo "2340"]
[BlackElo "2400"]
[PlyCount "132"]
[EventDate "1996.08.14"]
[EventType "tourn"]
[EventRounds "15"]
[EventCountry "CAN"]
[EventCategory "4"]
[Source "CFC"]
[SourceDate "2002.12.??"]

1. d4 d6 2. c4 g6 3. e4 Bg7 4. Nc3 Nd7 5. Be2 c6 6. Nf3 e5 7. O-O Ngf6 8. Qc2
O-O 9. d5 c5 10. a3 h6 11. b4 b6 12. Rb1 a6 13. Be3 Ne8 14. Nd2 f5 15. exf5
gxf5 16. f4 Ra7 17. Na4 e4 18. g4 Bd4 19. Rb3 Ndf6 20. Kh1 Rg7 21. Rg1 Nxg4 22.
Bxg4 fxg4 23. Bxd4 cxd4 24. Qxe4 b5 25. Nb2 Nf6 26. Qxd4 Bb7 27. Rd3 Qe8 28.
Nd1 Qh5 29. Nc3 Qf5 30. a4 bxc4 31. Nxc4 Ne8 32. Ne2 Qd7 33. Ne3 h5 34. f5 Rgf7
35. Nf4 Ng7 36. Nxh5 Nxh5 37. Nxg4 Kh7 38. f6 Qf5 39. Ne3 Qf4 40. Rg4 Qxd4 41.
Rdxd4 Nxf6 42. Rg5 Rg7 43. Rxg7+ Kxg7 44. Nf5+ Kg6 45. Nxd6 Bxd5+ 46. Kg1 Be6
47. Nb7 Nd5 48. h4 Nf4 49. Kh2 Ne2 50. Rd6 Rf2+ 51. Kh1 Kf5 52. Nc5 Bc4 53.
Rf6+ Kxf6 54. Ne4+ Kf5 55. Nxf2 Nc3 56. Kh2 Nxa4 57. Kg3 Be2 58. Nh1 Ke4 59.
Kf2 Bd3 60. Ke1 Kd4 61. Kd2 Nc3 62. Ng3 Ne4+ 63. Nxe4 Bxe4 64. h5 Kc4 65. Kc1
Kb3 66. h6 Bh7 0-1

[Event "CAN-ch"]
[Site "Toronto CAN"]
[Date "1996.08.24"]
[Round "11"]
[White "Gravel, Simon M"]
[Black "Teodoro, Eduardo"]
[Result "1-0"]
[WhiteElo "2452"]
[BlackElo "2290"]
[PlyCount "89"]
[EventDate "1996.08.14"]
[EventType "tourn"]
[EventRounds "15"]
[EventCountry "CAN"]
[EventCategory "4"]
[Source "CFC"]
[SourceDate "2002.12.??"]

1. e4 c5 2. Nc3 Nc6 3. Nf3 e6 4. d4 cxd4 5. Nxd4 a6 6. Nxc6 bxc6 7. Bd3 e5 8.
O-O Nf6 9. Be3 Be7 10. Bc4 O-O 11. Bb3 d6 12. h3 Be6 13. f4 exf4 14. Bxf4 d5
15. exd5 Nxd5 16. Nxd5 cxd5 17. Kh1 a5 18. c3 Qd7 19. a4 Rfb8 20. Rf3 Rb6 21.
Rd3 Rd8 22. Be3 Rb7 23. Bd4 Bd6 24. Re3 Bf4 25. Rf3 Bc7 26. Bc2 Qd6 27. Qg1
Rxb2 28. Bd3 Re8 29. Bc5 Qe5 30. Re1 Qg5 31. Qf1 f6 32. Bb5 Rxb5 33. Qxb5 Qg6
34. Rfe3 Be5 35. Bd4 Rb8 36. Qc6 Bf7 37. Bxe5 fxe5 38. Qc7 Qb6 39. Qxe5 Rc8 40.
Qf5 Rf8 41. Re7 Qg6 42. Rf1 Qxf5 43. Rxf5 Be8 44. Rxd5 Bxa4 45. Rxa5 1-0

[Event "CAN-ch"]
[Site "Toronto CAN"]
[Date "1996.08.24"]
[Round "11"]
[White "Leveille, Francois"]
[Black "Horton, Joe"]
[Result "0-1"]
[WhiteElo "2350"]
[BlackElo "2325"]
[PlyCount "80"]
[EventDate "1996.08.14"]
[EventType "tourn"]
[EventRounds "15"]
[EventCountry "CAN"]
[EventCategory "4"]

1. e4 g6 2. Nc3 Bg7 3. g3 c5 4. Bg2 Nc6 5. d3 e6 6. Be3 b6 7. Qd2 Bb7 8. Nge2
Nd4 9. Bxd4 cxd4 10. Nb5 d5 11. Qb4 Bf8 12. Qxd4 Nf6 13. Qa4 Bc6 14. exd5 exd5
15. Ned4 Bd7 16. O-O Bc5 17. Qb3 a6 18. Rfe1+ Kf8 19. c3 axb5 20. Nxb5 Ra5 21.
a4 Kg7 22. Qc2 Bxb5 23. axb5 Rxa1 24. Rxa1 Re8 25. h3 Re7 26. d4 Bd6 27. Qb3
Bc7 28. Bf3 Ne4 29. Kg2 Qd6 30. Ra7 h5 31. h4 Nxf2 32. Rxc7 Ne4 33. Bxe4 Rxe4
34. Rc6 Re2+ 35. Kf1 Qe7 36. Qxd5 Re1+ 37. Kg2 Qe2+ 38. Kh3 Qg4+ 39. Kg2 Re2+
40. Kf1 Re3 0-1

[Event "CAN-ch"]
[Site "Toronto CAN"]
[Date "1996.08.26"]
[Round "12"]
[White "Frialde, Arniel"]
[Black "Day, Lawrence"]
[Result "0-1"]
[WhiteElo "2332"]
[BlackElo "2400"]
[PlyCount "132"]
[EventDate "1996.08.14"]
[EventType "tourn"]
[EventRounds "15"]
[EventCountry "CAN"]
[EventCategory "4"]
[Source "CFC"]
[SourceDate "2002.12.??"]

1. d4 g6 2. c4 Bg7 3. Nc3 c5 4. d5 Bxc3+ 5. bxc3 f5 6. h4 Qa5 7. Bd2 Nf6 8. h5
gxh5 9. e3 d6 10. Be2 Nbd7 11. Bxh5+ Kd8 12. Nf3 Nb6 13. Qb3 Bd7 14. a4 Rg8 15.
Bf7 Rxg2 16. Be6 Qa6 17. Nh4 Rg4 18. Nxf5 Qxc4 19. Qxc4 Nxc4 20. Ke2 Kc7 21.
Rag1 Bxe6 22. dxe6 Rxg1 23. Rxg1 Rg8 24. Ra1 Kd8 25. Be1 Ke8 26. f4 Rg6 27. Bh4
Kf8 28. Bg5 d5 29. Rb1 b6 30. a5 Ng8 31. axb6 axb6 32. Rh1 Rxe6 33. Rxh7 Nf6
34. Rh8+ Kf7 35. Bh6 Re4 36. Bg5 e6 37. Nh6+ Kg6 38. Bxf6 Kxf6 39. Ng4+ Ke7 40.
Rh7+ Kd6 41. Kf3 Kc6 42. Ke2 e5 43. Nxe5+ Nxe5 44. fxe5 Rxe5 45. Kd3 Rg5 46.
Rh6+ Kb5 47. Rh1 Rg2 48. Rc1 Kc6 49. c4 dxc4+ 50. Rxc4 b5 51. Rh4 b4 52. e4 Kb5
53. Rh5 Rg3+ 54. Kd2 Kc4 55. e5 Rg2+ 56. Ke3 b3 57. e6 b2 58. Rh1 Rg6 59. Kd2
Rxe6 60. Kc2 Re2+ 61. Kb1 Kb4 62. Rh8 c4 63. Rb8+ Kc3 64. Rb3+ Kd4 65. Rb4 Kd3
66. Rb3+ c3 0-1

[Event "CAN-ch"]
[Site "Toronto CAN"]
[Date "1996.08.26"]
[Round "12"]
[White "Livshits, Ron"]
[Black "Gravel, Simon M"]
[Result "1-0"]
[WhiteElo "2390"]
[BlackElo "2452"]
[PlyCount "88"]
[EventDate "1996.08.14"]
[EventType "tourn"]
[EventRounds "15"]
[EventCountry "CAN"]
[EventCategory "4"]

1. d4 Nf6 2. c4 c5 3. d5 g6 4. Nc3 Bg7 5. e4 d6 6. f3 O-O 7. Bg5 h6 8. Be3 e6
9. Qd2 exd5 10. cxd5 Re8 11. Nge2 Kh7 12. Nc1 Na6 13. Be2 Nc7 14. a4 a6 15. O-O
Bd7 16. N1a2 b5 17. b4 c4 18. a5 Re7 19. Rae1 Qh8 20. Bd1 Rf8 21. Bc2 Nce8 22.
Ne2 Kg8 23. Nac3 h5 24. Bg5 Bc8 25. Rd1 Rc7 26. Nd4 Nh7 27. Be3 Bd7 28. Rfe1
Nhf6 29. h3 h4 30. Bg5 Qh5 31. Qf4 Nh7 32. Bd8 Bxh3 33. gxh3 Rd7 34. Bb6 Nef6
35. Qh2 Re8 36. f4 g5 37. Nf5 g4 38. Qg2 g3 39. e5 dxe5 40. fxe5 Ng5 41. exf6
Rxe1+ 42. Rxe1 Nf3+ 43. Qxf3 Qxf3 44. Re8+ Kh7 1-0

[Event "CAN-ch"]
[Site "Toronto CAN"]
[Date "1996.08.26"]
[Round "12"]
[White "Taylor, Gordon"]
[Black "Spraggett, Kevin"]
[Result "0-1"]
[WhiteElo "2340"]
[BlackElo "2530"]
[PlyCount "204"]
[EventDate "1996.08.14"]
[EventType "tourn"]
[EventRounds "15"]
[EventCountry "CAN"]
[EventCategory "4"]
[Source "CFC"]
[SourceDate "2002.12.??"]

1. d4 Nf6 2. c4 e6 3. g3 c5 4. Nf3 cxd4 5. Nxd4 Qc7 6. Nc3 a6 7. Bg2 d6 8. Bg5
Nbd7 9. Rc1 h6 10. Bd2 Be7 11. O-O O-O 12. b3 Re8 13. e4 Nf8 14. Be3 Bd7 15. h3
Rac8 16. Qe2 Qb8 17. Rfd1 Ng6 18. Qb2 Ne5 19. f4 Ng6 20. a4 Bd8 21. Qf2 Ba5 22.
Nde2 Bc6 23. g4 Bd8 24. Rf1 Nh7 25. Nd4 Bd7 26. Nf3 Bf6 27. Ne2 Bc6 28. Nfd4
Bh4 29. Qf3 e5 30. Nxc6 bxc6 31. f5 Ngf8 32. Bf2 Bxf2+ 33. Rxf2 Nd7 34. h4 Nc5
35. Rc3 f6 36. Qe3 Re7 37. Rf3 Rb7 38. Rg3 Qc7 39. Kh2 Rcb8 40. Nc1 a5 41. Bf3
Qb6 42. Bd1 Kf8 43. Ne2 Na6 44. Qf3 Ke7 45. Ng1 Kd7 46. Nh3 Rh8 47. Kg2 Nf8 48.
Qe2 Kc7 49. Bc2 Nd7 50. Rge3 Rbb8 51. Rg3 Nac5 52. Qd2 Qb4 53. Qc1 Rbg8 54. h5
Rb8 55. Rge3 Rhd8 56. Nf2 Rb7 57. Bd1 Qb6 58. Bc2 Na6 59. Qd1 Nb4 60. Bb1 Qd4
61. Qc1 Qa7 62. Nh3 Nc5 63. Ng1 Kd7 64. Nf3 Ke7 65. Kg3 Rbd7 66. Nd2 Kf8 67.
Nf3 Kg8 68. Re2 Kh8 69. Nd2 Nb7 70. Nf3 Nc5 71. Nh4 Nca6 72. Ng6+ Kh7 73. Rd2
Nc7 74. Rf3 Qc5 75. Rc3 Na8 76. Re2 Nb6 77. Rd2 Nc8 78. Re2 Ne7 79. Nh4 Qa7 80.
Ng6 Nxg6 81. hxg6+ Kg8 82. Rd2 Qc5 83. Re2 Kf8 84. Rd2 Ke7 85. Re2 Qa7 86. Rd2
Ke8 87. Rf3 Na6 88. Bc2 Nc5 89. Qd1 Qb8 90. Re3 Ke7 91. Kf3 Qb4 92. Kg2 Ke8 93.
Kh3 Qb6 94. Rf3 Ke7 95. Kg3 Qb4 96. Kh3 Na6 97. Kg3 Qc5 98. Kh3 Nb4 99. Kg3 d5
100. exd5 cxd5 101. cxd5 Rxd5 102. Rxd5 Rxd5 0-1

[Event "CAN-ch"]
[Site "Toronto CAN"]
[Date "1996.08.26"]
[Round "12"]
[White "Teodoro, Eduardo"]
[Black "Leveille, Francois"]
[Result "1-0"]
[WhiteElo "2290"]
[BlackElo "2350"]
[PlyCount "55"]
[EventDate "1996.08.14"]
[EventType "tourn"]
[EventRounds "15"]
[EventCountry "CAN"]
[EventCategory "4"]
[Source "CFC"]
[SourceDate "2002.12.??"]

1. e4 c5 2. Nf3 d6 3. d4 cxd4 4. Nxd4 Nf6 5. Nc3 a6 6. Be2 e5 7. Nf3 h6 8. O-O
Be6 9. Be3 Nbd7 10. a4 b6 11. Nd2 Qc7 12. Kh1 Be7 13. f4 exf4 14. Bxf4 Ne5 15.
Nf3 Nxf3 16. gxf3 Qb7 17. Rg1 d5 18. exd5 Nxd5 19. Nxd5 Bxd5 20. Rxg7 Rc8 21.
Rg3 Kf8 22. Qd4 f6 23. Bd6 Bxd6 24. Qxf6+ Bf7 25. Qxd6+ Qe7 26. Qd4 Rg8 27.
Rxg8+ Bxg8 28. Qf4+ 1-0

[Event "CAN-ch"]
[Site "Toronto CAN"]
[Date "1996.08.27"]
[Round "13"]
[White "Baragar, Fletcher"]
[Black "Taylor, Gordon"]
[Result "0-1"]
[WhiteElo "2305"]
[BlackElo "2340"]
[PlyCount "96"]
[EventDate "1996.08.14"]
[EventType "tourn"]
[EventRounds "15"]
[EventCountry "CAN"]
[EventCategory "4"]

1. e4 c6 2. d3 d5 3. Nd2 e5 4. Ngf3 Bd6 5. g3 Nf6 6. Bg2 O-O 7. O-O Re8 8. c3
b6 9. Re1 Nbd7 10. Nh4 Bf8 11. b4 a5 12. Qb3 Ba6 13. Qb1 d4 14. cxd4 Bxb4 15.
Rd1 exd4 16. Ndf3 Bc3 17. Bb2 Nc5 18. Bxc3 dxc3 19. Bf1 b5 20. a3 Qb6 21. Qc2
b4 22. Nf5 Bb5 23. Rdb1 Ba4 24. Qxc3 bxc3 25. Rxb6 Reb8 26. Rxb8+ Rxb8 27. N5d4
Nb3 28. Rb1 Nd7 29. Nc2 c5 30. Nfe1 Nd4 31. Rc1 Rb2 32. Ne3 c2 33. Kg2 Rb1 34.
Rxc2 Rxe1 35. Rb2 Bc6 36. Nc4 a4 37. Ne5 Kf8 38. Nxc6 Nxc6 39. Be2 Nd4 40. Bg4
Ne5 41. Rb8+ Ke7 42. Rb7+ Kd6 43. Bc8 g5 44. f4 Re2+ 45. Kh3 Nef3 46. fxg5
Rxh2+ 47. Kg4 Ne5+ 48. Kf4 Rf2+ 0-1

[Event "CAN-ch"]
[Site "Toronto CAN"]
[Date "1996.08.27"]
[Round "13"]
[White "Gravel, Simon M"]
[Black "Jung, Hans"]
[Result "1-0"]
[WhiteElo "2452"]
[BlackElo "2215"]
[PlyCount "123"]
[EventDate "1996.08.14"]
[EventType "tourn"]
[EventRounds "15"]
[EventCountry "CAN"]
[EventCategory "4"]
[Source "CFC"]
[SourceDate "2002.12.??"]

1. e4 d5 2. exd5 Qxd5 3. Nc3 Qa5 4. d4 e5 5. dxe5 Bb4 6. Bd2 Nc6 7. a3 Nd4 8.
Nge2 Bg4 9. f3 Bxf3 10. axb4 Qxa1 11. Qxa1 Nxc2+ 12. Kf2 Nxa1 13. gxf3 O-O-O
14. Bg5 f6 15. exf6 gxf6 16. Bh3+ Kb8 17. Bf4 Nc2 18. Nb5 Ne7 19. Bxc7+ Ka8 20.
Bxd8 Rxd8 21. Rg1 Nxb4 22. Rg7 Ned5 23. Bf5 a6 24. Nbc3 h5 25. Be4 Kb8 26. Nxd5
Nxd5 27. Rh7 Nc7 28. Ke1 Rd6 29. b3 Rb6 30. Nc1 Rb5 31. Kd2 Ne6 32. Kc3 Ng5 33.
Rh8+ Ka7 34. h4 Rc5+ 35. Kd2 Nxe4+ 36. fxe4 Re5 37. Nd3 Rxe4 38. Rxh5 Rg4 39.
Rh8 a5 40. h5 a4 41. bxa4 Rxa4 42. Ke3 Rh4 43. Nf4 b5 44. Rd8 Rh1 45. Kf3 f5
46. Kg2 Rh4 47. Kg3 Rg4+ 48. Kf3 Rh4 49. Rd5 Ka6 50. Rxf5 b4 51. Rf8 Ka5 52.
Kg3 Rh1 53. Nh3 Rc1 54. h6 Rc7 55. Ng5 b3 56. h7 Rxh7 57. Nxh7 Kb4 58. Nf6 b2
59. Ne4 Kb3 60. Kf3 Kc2 61. Rc8+ Kd3 62. Nc3 1-0

[Event "CAN-ch"]
[Site "Toronto CAN"]
[Date "1996.08.27"]
[Round "13"]
[White "Horton, Joe"]
[Black "Teodoro, Eduardo"]
[Result "0-1"]
[WhiteElo "2325"]
[BlackElo "2290"]
[PlyCount "136"]
[EventDate "1996.08.14"]
[EventType "tourn"]
[EventRounds "15"]
[EventCountry "CAN"]
[EventCategory "4"]

1. g3 g6 2. Bg2 Bg7 3. c4 e5 4. Nc3 Ne7 5. d3 O-O 6. Nf3 d5 7. cxd5 Nxd5 8. Bd2
c6 9. O-O Nd7 10. Rc1 Nxc3 11. bxc3 h6 12. Qc2 Nb6 13. Rb1 Be6 14. Rfd1 Qe7 15.
a4 Qa3 16. Ra1 Qb3 17. Qxb3 Bxb3 18. Rdb1 Bxa4 19. Ne1 Rfb8 20. Rb4 Bf8 21.
Rbxa4 Nxa4 22. Rxa4 a5 23. c4 b5 24. cxb5 cxb5 25. Ra1 Ra6 26. Rxa5 Rxa5 27.
Bxa5 b4 28. Bc7 Rc8 29. Bxe5 Rc1 30. Kf1 b3 31. Bd5 Bb4 32. Bxb3 Rxe1+ 33. Kg2
Rxe2 34. Bd4 Rd2 35. Bc4 h5 36. h4 Kf8 37. Kf3 Ke7 38. Ke3 Rc2 39. Bb3 Rc8 40.
Bd5 Bc5 41. Bxc5+ Rxc5 42. Be4 Ra5 43. Kf4 Kd6 44. Bb7 Rf5+ 45. Ke3 Re5+ 46.
Kf4 Re2 47. Kf3 Re7 48. Ba6 Kc5 49. Kf4 Kd4 50. Bc4 f6 51. Kf3 g5 52. hxg5 fxg5
53. Kg2 g4 54. Ba6 Kc3 55. Bb5 Kd2 56. Kf1 Re5 57. Bc4 Re7 58. Bb5 Re1+ 59. Kg2
Re5 60. Bc4 Ke1 61. f4 Re2+ 62. Kg1 Rd2 63. Bf7 Rxd3 64. Kg2 Rd2+ 65. Kg1 Ke2
66. Kg2 Ke3+ 67. Kf1 Kf3 68. Ke1 Rh2 0-1

[Event "CAN-ch"]
[Site "Toronto CAN"]
[Date "1996.08.28"]
[Round "14"]
[White "Frialde, Arniel"]
[Black "Spraggett, Kevin"]
[Result "0-1"]
[WhiteElo "2332"]
[BlackElo "2530"]
[PlyCount "114"]
[EventDate "1996.08.14"]
[EventType "tourn"]
[EventRounds "15"]
[EventCountry "CAN"]
[EventCategory "4"]
[Source "CFC"]
[SourceDate "2002.12.??"]

1. e4 c6 2. c4 e5 3. d4 d6 4. dxe5 dxe5 5. Qxd8+ Kxd8 6. f4 Bb4+ 7. Nc3 Nf6 8.
Bd2 Nbd7 9. fxe5 Nxe5 10. Nf3 Nfd7 11. a3 Bd6 12. Rd1 Ke7 13. b4 Re8 14. Bg5+
f6 15. Nd4 g6 16. Bh4 a5 17. c5 Bb8 18. Be2 axb4 19. axb4 Nf7 20. O-O Be5 21.
Bc4 Nf8 22. Nce2 Be6 23. Bxe6 Nxe6 24. Nf3 Neg5 25. Nxe5 Nxe5 26. Rd6 Nxe4 27.
Bxf6+ Nxf6 28. Rfxf6 Ra1+ 29. Rf1 Rxf1+ 30. Kxf1 Ra8 31. Nf4 Ra1+ 32. Ke2 Ra2+
33. Rd2 Ra4 34. Rd4 Nd7 35. Nd3 Nf6 36. Rh4 Ra2+ 37. Kf3 Rd2 38. Ke3 Rxg2 39.
Nf4 Rb2 40. Nd3 Ra2 41. Kd4 Rd2 42. Kc3 Re2 43. Kd4 g5 44. Rh6 g4 45. b5 cxb5
46. Kc3 Re4 47. Kb3 Kf7 48. Nf2 Rf4 49. Nd3 Rf3 50. Kc2 Kg7 51. Rh4 h5 52. Ne1
Rf2+ 53. Kd3 Kh6 54. Ke3 Rf1 55. Ng2 Kg5 56. h3 Rf3+ 57. Ke2 Rg3 0-1

[Event "CAN-ch"]
[Site "Toronto CAN"]
[Date "1996.08.28"]
[Round "14"]
[White "Jung, Hans"]
[Black "Leveille, Francois"]
[Result "0-1"]
[WhiteElo "2215"]
[BlackElo "2350"]
[PlyCount "70"]
[EventDate "1996.08.14"]
[EventType "tourn"]
[EventRounds "15"]
[EventCountry "CAN"]
[EventCategory "4"]

1. e4 Nf6 2. e5 Nd5 3. d4 d6 4. Bc4 Nb6 5. Bb3 Nc6 6. exd6 cxd6 7. Nf3 d5 8. c3
Bg4 9. h3 Bh5 10. Bf4 e6 11. Nbd2 Bd6 12. Bxd6 Qxd6 13. Qe2 O-O-O 14. a4 e5 15.
g4 exd4 16. Kf1 Rhe8 17. Qb5 dxc3 18. bxc3 Bg6 19. a5 Nc4 20. Nxc4 Bd3+ 21. Kg2
Bxc4 22. Bxc4 a6 23. Qa4 dxc4 24. Qxc4 Qd5 25. Qf4 Re4 26. Qg5 f6 27. Qc1 Ne5
28. Rd1 Rxg4+ 29. hxg4 Qxf3+ 30. Kf1 Qh3+ 31. Ke2 Qxg4+ 32. Kf1 Qh3+ 33. Ke2
Qh5+ 34. Kf1 Re8 35. Qe3 Nf3 0-1

[Event "CAN-ch"]
[Site "Toronto CAN"]
[Date "1996.08.28"]
[Round "14"]
[White "Livshits, Ron"]
[Black "Horton, Joe"]
[Result "1-0"]
[WhiteElo "2390"]
[BlackElo "2325"]
[PlyCount "53"]
[EventDate "1996.08.14"]
[EventType "tourn"]
[EventRounds "15"]
[EventCountry "CAN"]
[EventCategory "4"]
[Source "CFC"]
[SourceDate "2002.12.??"]

1. d4 g6 2. e4 Bg7 3. c4 c5 4. d5 d6 5. Nc3 e6 6. h3 exd5 7. cxd5 Nf6 8. Nf3
O-O 9. Bd3 b5 10. Nxb5 Nxe4 11. Bxe4 Re8 12. Ng5 f5 13. O-O fxe4 14. Re1 Bf5
15. Bf4 Bxb2 16. Nxd6 Bxa1 17. Qxa1 Re7 18. g4 h6 19. Ngf7 Rxf7 20. Qh8+ Kxh8
21. Nxf7+ Kg7 22. Nxd8 Nd7 23. Bc7 Rc8 24. d6 Ne5 25. gxf5 Nf3+ 26. Kf1 Nxe1
27. d7 1-0

[Event "CAN-ch"]
[Site "Toronto CAN"]
[Date "1996.08.28"]
[Round "14"]
[White "Yoos, John"]
[Black "Gravel, Simon M"]
[Result "0-1"]
[WhiteElo "2335"]
[BlackElo "2452"]
[PlyCount "84"]
[EventDate "1996.08.14"]
[EventType "tourn"]
[EventRounds "15"]
[EventCountry "CAN"]
[EventCategory "4"]

1. e4 e5 2. f4 exf4 3. Nf3 d5 4. exd5 Nf6 5. Bc4 Nxd5 6. O-O Be6 7. Qe2 Be7 8.
d4 O-O 9. Nc3 Nc6 10. Nxd5 Bxd5 11. Bxd5 Qxd5 12. Bxf4 Bd6 13. Qd2 Rad8 14. c3
Rfe8 15. b3 f6 16. Rae1 b5 17. Be3 Qh5 18. Bf2 Ne7 19. c4 bxc4 20. bxc4 c6 21.
Qc2 Qg4 22. Re4 Qd7 23. Rfe1 Ng6 24. g3 Rxe4 25. Qxe4 Bb4 26. Qe6+ Qxe6 27.
Rxe6 Ne7 28. Kf1 Kf7 29. Re3 Bd6 30. Rb3 Rb8 31. Ke2 h5 32. Kd3 g5 33. Nd2 f5
34. Rxb8 Bxb8 35. Nf3 g4 36. Ne5+ Ke6 37. Kc3 c5 38. Nd3 cxd4+ 39. Kxd4 h4 40.
Nc5+ Kf7 41. Na6 Nc6+ 42. Kc5 Bxg3 0-1

[Event "CAN-ch"]
[Site "Toronto CAN"]
[Date "1996.08.29"]
[Round "15"]
[White "Baragar, Fletcher"]
[Black "Frialde, Arniel"]
[Result "1-0"]
[WhiteElo "2305"]
[BlackElo "2332"]
[PlyCount "103"]
[EventDate "1996.08.14"]
[EventType "tourn"]
[EventRounds "15"]
[EventCountry "CAN"]
[EventCategory "4"]

1. d4 Nf6 2. c4 g6 3. Nc3 Bg7 4. e4 d6 5. Be2 O-O 6. Bg5 c5 7. dxc5 Qa5 8. Bd2
Qxc5 9. Nf3 Be6 10. Be3 Qb4 11. a3 Qa5 12. b4 Qc7 13. Rc1 Nc6 14. h3 h6 15. O-O
Rfd8 16. Nd5 Qd7 17. Nxf6+ Bxf6 18. Bxh6 Bxh3 19. gxh3 Qxh3 20. Bf4 Kg7 21. Nh2
Rh8 22. Qd3 Nd4 23. Rfe1 Nxe2+ 24. Qxe2 Qxa3 25. Qd2 Qh3 26. Qe3 Qe6 27. Qf3
Rh5 28. Qg4 Qxg4+ 29. Nxg4 Bg5 30. Be3 Bxe3 31. Nxe3 Rah8 32. Kf1 Kf8 33. b5 a6
34. Rb1 Rc5 35. bxa6 bxa6 36. Rb8+ Kg7 37. Rxh8 Kxh8 38. Rb1 Kg7 39. Rb7 e6 40.
Rb6 d5 41. exd5 exd5 42. cxd5 g5 43. Ke2 f5 44. f4 Rc3 45. Rxa6 Rb3 46. Nc4 Rc3
47. Ne5 g4 48. Rg6+ Kf8 49. Rg5 Ke7 50. Rg6 Rc5 51. d6+ Kf8 52. Nd7+ 1-0

[Event "CAN-ch"]
[Site "Toronto CAN"]
[Date "1996.08.29"]
[Round "15"]
[White "Gravel, Simon M"]
[Black "Taylor, Gordon"]
[Result "1/2-1/2"]
[WhiteElo "2452"]
[BlackElo "2340"]
[PlyCount "48"]
[EventDate "1996.08.14"]
[EventType "tourn"]
[EventRounds "15"]
[EventCountry "CAN"]
[EventCategory "4"]

1. b4 Nf6 2. Bb2 e6 3. b5 b6 4. Nf3 Bb7 5. e3 Be7 6. c4 O-O 7. Be2 d5 8. O-O c5
9. a4 Nbd7 10. Qb3 dxc4 11. Bxc4 Bd6 12. Bxe6 Bxf3 13. gxf3 Ne5 14. Bxe5 Bxe5
15. Ra2 Bxh2+ 16. Kxh2 Qd6+ 17. Kg2 fxe6 18. Nc3 Rad8 19. Rh1 Qe5 20. Qc4 Qg5+
21. Kf1 Qf5 22. Ke2 Nd5 23. Qe4 Nxc3+ 24. dxc3 Rd6 1/2-1/2

[Event "CAN-ch"]
[Site "Toronto CAN"]
[Date "1996.08.29"]
[Round "15"]
[White "Horton, Joe"]
[Black "Jung, Hans"]
[Result "0-1"]
[WhiteElo "2325"]
[BlackElo "2215"]
[PlyCount "128"]
[EventDate "1996.08.14"]
[EventType "tourn"]
[EventRounds "15"]
[EventCountry "CAN"]
[EventCategory "4"]
[Source "CFC"]
[SourceDate "2002.12.??"]

1. g3 c5 2. Bg2 Nc6 3. c4 e5 4. Nc3 g6 5. b3 Bg7 6. Bb2 d6 7. e3 Bf5 8. d3 Qd7
9. Nd5 Nge7 10. Ne2 Nxd5 11. cxd5 Nb4 12. e4 Bh3 13. O-O h5 14. Nf4 Bxg2 15.
Nxg2 h4 16. a3 Na6 17. gxh4 O-O-O 18. f4 f5 19. Qf3 Rdf8 20. Qh3 Kb8 21. Kh1
Qb5 22. Rab1 fxe4 23. dxe4 g5 24. f5 gxh4 25. Ne3 Rhg8 26. Nc4 Qd7 27. Rg1 Bf6
28. Rg4 Rxg4 29. Qxg4 Nc7 30. Rg1 Ne8 31. Bc1 Bd8 32. Qf3 b5 33. Ne3 Bb6 34.
Rg6 Qf7 35. Qg4 Bd8 36. Qe2 a6 37. Ng4 Qc7 38. Bh6 Rh8 39. Ne3 Qa5 40. a4 Qb4
41. Ng4 Qxb3 42. axb5 h3 43. Nf2 Bh4 44. Be3 Bxf2 45. Bxf2 axb5 46. Qe1 Qa4 47.
f6 Rf8 48. Bh4 Kc7 49. Kg1 b4 50. Qf1 Rf7 51. Rg8 b3 52. Rxe8 Qxe8 53. Qa6 Qb8
54. Be1 Kd8 55. Qc6 Rxf6 56. Bh4 Ke7 57. Bxf6+ Kxf6 58. Qd7 Qg8+ 59. Kf2 Qg2+
60. Ke3 Qg1+ 61. Kf3 Qf1+ 62. Kg3 Qg2+ 63. Kh4 Qg5+ 64. Kxh3 Qh6+ 0-1

[Event "CAN-ch"]
[Site "Toronto CAN"]
[Date "1996.08.29"]
[Round "15"]
[White "Spraggett, Kevin"]
[Black "Day, Lawrence"]
[Result "1/2-1/2"]
[WhiteElo "2530"]
[BlackElo "2400"]
[PlyCount "26"]
[EventDate "1996.08.14"]
[EventType "tourn"]
[EventRounds "15"]
[EventCountry "CAN"]
[EventCategory "4"]

1. c4 Nf6 2. Nc3 d6 3. d4 Bf5 4. Nf3 h6 5. g3 c6 6. Bg2 Nbd7 7. O-O e6 8. b3 d5
9. Bb2 Bd6 10. Nd2 O-O 11. e4 dxe4 12. Ndxe4 Be7 13. Qe2 Re8 1/2-1/2

[Event "CAN-ch"]
[Site "Toronto CAN"]
[Date "1996.08.29"]
[Round "15"]
[White "Teodoro, Eduardo"]
[Black "Livshits, Ron"]
[Result "0-1"]
[WhiteElo "2290"]
[BlackElo "2390"]
[PlyCount "48"]
[EventDate "1996.08.14"]
[EventType "tourn"]
[EventRounds "15"]
[EventCountry "CAN"]
[EventCategory "4"]
[Source "CFC"]
[SourceDate "2002.12.??"]

1. e4 c6 2. d4 d5 3. e5 Bf5 4. g4 Be4 5. f3 Bg6 6. h4 h5 7. e6 Qd6 8. exf7+
Bxf7 9. g5 Qg3+ 10. Ke2 Nd7 11. Be3 Qc7 12. Bh3 e6 13. f4 Bd6 14. Qd2 Ne7 15.
Nf3 Ng6 16. f5 exf5 17. Bxf5 O-O-O 18. Nc3 Rde8 19. Kf2 Kb8 20. Rhg1 Rhf8 21.
Ne2 Ne7 22. Bxd7 Qxd7 23. Nf4 Ng6 24. Nxh5 Be6 0-1

[Event "CAN-ch U16"]
[Site "Winnipeg CAN"]
[Date "1996.03.23"]
[Round "1"]
[White "Chin, Garrett"]
[Black "Guo, Xin"]
[Result "0-1"]
[WhiteElo "1776"]
[BlackElo "2163"]
[PlyCount "102"]
[EventDate "1996.03.23"]
[EventType "tourn"]
[EventRounds "9"]
[EventCountry "CAN"]
[Source "ChessBase"]
[SourceDate "2000.11.22"]

1. e4 Nf6 2. e5 Nd5 3. d4 d6 4. exd6 cxd6 5. c4 Nb6 6. Nc3 g6 7. Nf3 Bg7 8. h3
O-O 9. Be2 Nc6 10. O-O Bf5 11. Be3 d5 12. b3 dxc4 13. bxc4 Be6 14. d5 Bxc3 15.
dxe6 Bxa1 16. Qxa1 f6 17. Bh6 Re8 18. h4 Qd6 19. Re1 Rad8 20. g3 Nd4 21. Nxd4
Qxd4 22. c5 Qxc5 23. Qb1 Nd5 24. Rc1 Nc3 25. Bf1 Nxb1 26. Rxc5 Rd1 27. Kg2 Nd2
28. Bb5 Rd8 29. Bd7 Ne4 30. Rc7 Rd5 31. Be3 Nd6 32. a4 a6 33. Bc5 b5 34. Bxd6
Rxd6 35. axb5 axb5 36. Rb7 f5 37. Bxb5 Kf8 38. Bd7 Kg7 39. Kf3 Kf6 40. Rb5 Ra8
41. Rb3 Ra2 42. Ke3 Rda6 43. Rb8 R6a3+ 44. Kd4 Ra8 45. Rb3 Rxf2 46. Bc6 Rd8+
47. Ke3 Rh2 48. Bd7 h6 49. Rc3 Rb8 50. Ra3 g5 51. hxg5+ hxg5 0-1

[Event "CAN-ch U16"]
[Site "Winnipeg CAN"]
[Date "1996.03.23"]
[Round "1"]
[White "Henson, Joshua"]
[Black "Bertrand, Eric"]
[Result "0-1"]
[WhiteElo "1747"]
[BlackElo "1829"]
[PlyCount "42"]
[EventDate "1996.03.23"]
[EventType "tourn"]
[EventRounds "9"]
[EventCountry "CAN"]
[Source "ChessBase"]
[SourceDate "2000.11.22"]

1. e4 e6 2. d4 d5 3. Nd2 Nf6 4. e5 Nfd7 5. Bd3 c5 6. c3 Nc6 7. Ne2 Qb6 8. Nf3
f6 9. exf6 Nxf6 10. O-O Bd6 11. Re1 O-O 12. Rb1 cxd4 13. cxd4 e5 14. dxe5 Ng4
15. Rf1 Ncxe5 16. Ned4 Nxf3+ 17. Nxf3 Bxh2+ 18. Nxh2 Rxf2 19. Rxf2 Nxf2 20.
Bxh7+ Kh8 21. Qf1 Ne4+ 0-1

[Event "CAN-ch U16"]
[Site "Winnipeg CAN"]
[Date "1996.03.23"]
[Round "1"]
[White "Wu, Douglas"]
[Black "Cormos, Eugene"]
[Result "1/2-1/2"]
[WhiteElo "1957"]
[BlackElo "2139"]
[PlyCount "63"]
[EventDate "1996.03.23"]
[EventType "tourn"]
[EventRounds "9"]
[EventCountry "CAN"]
[Source "ChessBase"]
[SourceDate "2000.11.22"]

1. d4 d5 2. c4 e6 3. Nf3 Nf6 4. e3 Nc6 5. Nc3 Be7 6. a3 a6 7. Bd3 O-O 8. b4
dxc4 9. Bxc4 b5 10. Bd3 Bb7 11. O-O Nd5 12. Bb2 Qd7 13. Ne4 f5 14. Nc5 Bxc5 15.
dxc5 Rad8 16. Bc2 Qe7 17. Qe2 e5 18. Bb3 e4 19. Nd4 Ne5 20. c6 Nxc6 21. Nxc6
Bxc6 22. Rfd1 Kh8 23. Rac1 Bb7 24. Bd4 Qg5 25. Be5 f4 26. Bxd5 f3 27. Qf1 Rxd5
28. Bxc7 Rxd1 29. Rxd1 Rc8 30. Bf4 Qf6 31. Rd6 Qc3 32. Qd1 1/2-1/2